| 000 | 00557nam a22001817a 4500 | ||
|---|---|---|---|
| 005 | 20251127123539.0 | ||
| 008 | 251124b |||||||| |||| 00| 0 eng d | ||
| 020 | _a978-81-19613-27-4 | ||
| 041 | _aeng | ||
| 082 | _a350 RAJ-I | ||
| 100 |
_aRAJPUT, HAKIM SINGH & SINGH, LALIT KUMAR AND RAJPUT, SHOBHA AND KUMAR, ANUJ _98778 |
||
| 245 | _aINDUSTRIAL PHARMACY-II FOR B PHARMA 4TH AND 7TH SEMESTER | ||
| 250 | _a1ST ED. 2025 | ||
| 260 |
_aNEW DELHI _bINNOVATIVE PUBLICATION PVT LTD _c20258 |
||
| 300 | _a184;P | ||
| 650 |
_aPHARMACY _xB.PHARMA |
||
| 942 | _cBK | ||
| 999 |
_c8955 _d8953 |
||